书目信息 |
| 题名: |
20几岁要懂点历史智慧
|
|
| 作者: | 宋乔伟 编著 | |
| 分册: | ||
| 出版信息: | 北京 中国华侨出版社 2015 |
|
| 页数: | 10,402页 | |
| 开本: | 25cm | |
| 丛书名: | ||
| 单 册: | ||
| 中图分类: | B848.5 | |
| 科图分类: | ||
| 主题词: | 智慧--zhi hui--中国--青年读物 | |
| 电子资源: | ||
| ISBN: | 978-7-5113-5304-7 | |
| 000 | 00782nam0 22002411 450 | |
| 001 | 0124140105 | |
| 005 | 20170324140105.0 | |
| 010 | @a978-7-5113-5304-7@b精装@dCNY59.00 | |
| 100 | @a20150911d2015 em y0chiy50 ea | |
| 101 | 0 | @achi |
| 102 | @aCN@b110000 | |
| 105 | @ay z 000yy | |
| 106 | @ar | |
| 200 | 1 | @a20几岁要懂点历史智慧@920ji sui yao dong dian li shi zhi hui@f宋乔伟编著 |
| 210 | @a北京@c中国华侨出版社@d2015 | |
| 215 | @a10,402页@d25cm | |
| 300 | @a全民阅读提升版 | |
| 330 | @a本书汇集了中国历史上的政治、军事、经济、管理、外交、处世谋略的智囊宝典,完整呈现历史中蕴含的智慧。 | |
| 606 | 0 | @a智慧@9zhi hui@y中国@j青年读物 |
| 690 | @aB848.5@v5 | |
| 701 | 0 | @a宋乔伟@9song qiao wei@4编著 |
| 801 | 0 | @aCN@bTANGWEI@c20170308 |
| 905 | @b0961388-90@dB848.5@e1544@f3 | |
| 20几岁要懂点历史智慧/宋乔伟编著.-北京:中国华侨出版社,2015 |
| 10,402页;25cm |
| 全民阅读提升版 |
| ISBN 978-7-5113-5304-7(精装):CNY59.00 |
| 本书汇集了中国历史上的政治、军事、经济、管理、外交、处世谋略的智囊宝典,完整呈现历史中蕴含的智慧。 |
| ● |
| 相关链接 |
|
|
|
|
正题名:20几岁要懂点历史智慧
索取号:B848.5/1544
 
预约/预借
| 序号 | 登录号 | 条形码 | 馆藏地/架位号 | 状态 | 备注 |
| 1 | 0961388 | 209613881 | 第一样本阅览室/ [索取号:B848.5/1544] | 在馆 | |
| 2 | 0961389 | 209613890 | 第一借阅区/ [索取号:B848.5/1544] | 在馆 | |
| 3 | 0961390 | 209613907 | 第一借阅区/ [索取号:B848.5/1544] | 在馆 |